| 000 | 01154nam a2200241Ia 4500 | ||
|---|---|---|---|
| 001 | 843-DEC ch le (22661) | ||
| 003 | IT-MiSPE | ||
| 008 | 171229s9999||||xx |||||||||||||| ||und|| | ||
| 040 |
_aIT-MiSPE _cIT-MiSPE |
||
| 041 | _aITALIANO | ||
| 100 | _aCharles De Coster | ||
| 240 | _aLa légende et les aventures héroïques, joyeuses et glorieuses d'Ulenspiegel et de Lamme Goedzak au pays de Flandres et ailleurs | ||
| 245 | 0 | _aLa leggenda di Thyl Ulenspiegel | |
| 250 | _a1a ed. (v) | ||
| 260 |
_aPordenone _bStudio Tesi _c(st.) 1991 |
||
| 300 |
_aLVI, 527 p. _c23 cm |
||
| 501 | _aEdizioni San Paolo srl - Piazza Soncino, 5 - 20092 CINISELLO BALSAMO (MI) (non commercial uses only) ® Copyright 2018 | ||
| 700 | _aMichele Rago | ||
| 700 |
_aUmberto Fracchia _g(traduzione) |
||
| 942 | _cBK | ||
| 957 | _71 | ||
| 999 |
_a17120 _bNO _g Copie: 1 _c353459 _d353459 |
||